Cantons of Ecuador with a Map - Statistics

General Stats
  • This quiz has been taken 423 times
  • The average score is 67 of 224
Answers on the Map
Answers color-coded by a green-red scale on the quiz's map according to % correct below.
 
Answer Stats
Province Canton % Correct
Pichincha Quito
88%
Guayas Guayaquil
77%
Esmeraldas Esmeraldas
69%
Loja Loja
68%
Azuay Cuenca
62%
Santo Domingo de los Tsachilas Santo Domingo
62%
Santa Elena Santa Elena
57%
Zamora Chinchipe Zamora
55%
Cañar Cañar
54%
Guayas Simon Bolivar
54%
Carchi | Manabi Bolivar
53%
Pastaza Pastaza
53%
Tungurahua Ambato
52%
El Oro Machala
52%
Manabi Manta
50%
Imbabura Ibarra
48%
Morona Santiago Morona
48%
Galapagos Santa Cruz
48%
Chimborazo Riobamba
47%
Morona Santiago Santiago
47%
Sucumbios Sucumbios
47%
Cotopaxi Latacunga
46%
Cañar Azogues
45%
Bolivar Chimbo
45%
Galapagos Isabela
45%
Orellana Orellana
45%
Manabi Portoviejo
45%
Carchi Tulcan
45%
Bolivar Guaranda
43%
Manabi Pichincha
43%
Santa Elena Salinas
43%
Bolivar San Miguel
43%
Esmeraldas Atacames
42%
Los Rios Baba
42%
Guayas Duran
42%
Galapagos San Cristobal
41%
El Oro Santa Rosa
41%
Napo Tena
41%
Zamora Chinchipe Chinchipe
40%
Los Rios Quevedo
40%
Guayas Daule
39%
Santa Elena La Libertad
39%
Los Rios Babahoyo
38%
Manabi Chone
38%
Imbabura Otavalo
38%
Esmeraldas San Lorenzo
38%
Chimborazo Alausi
37%
Cotopaxi La Mana
37%
Guayas Milagro
37%
Guayas Samborondon
37%
El Oro Huaquillas
36%
Cañar La Troncal
35%
Guayas Naranjal
35%
El Oro Pasaje
35%
Guayas Balzar
34%
Orellana Loreto
34%
Guayas Playas
34%
Manabi Puerto Lopez
34%
Pichincha Puerto Quito
34%
Esmeraldas Quininde
34%
Manabi Sucre
34%
Esmeraldas Eloy Alfaro
33%
Manabi Jipijapa
33%
Cotopaxi Salcedo
33%
Los Rios Vinces
33%
El Oro Arenillas
32%
Pichincha Cayambe
32%
Manabi El Carmen
32%
Guayas El Triunfo
32%
Chimborazo Guamote
32%
Esmeraldas La Concordia
32%
Sucumbios Lago Agrio
32%
Loja Macara
32%
Esmeraldas Muisne
32%
Manabi Pedernales
32%
Sucumbios Putumayo
32%
Esmeraldas Rioverde
32%
Azuay Santa Isabel
32%
Los Rios Ventanas
32%
El Oro Zaruma
32%
Cañar Biblian
31%
Imbabura Cotacachi
31%
Azuay El Pan
31%
El Oro Atahualpa
30%
Tungurahua Baños de Agua Santa
30%
Chimborazo Colta
30%
Manabi Jama
30%
Manabi Junin
30%
Pastaza Mera
30%
Manabi Montecristi
30%
Guayas Naranjito
30%
Loja | Manabi Olmedo
30%
Cotopaxi Pujili
30%
Manabi Santa Ana
30%
Guayas Santa Lucia
30%
Cotopaxi Sigchos
30%
Loja Catamayo
29%
Chimborazo Guano
29%
Carchi Mira
29%
Los Rios Montalvo
29%
Guayas Palestina
29%
Chimborazo Pallatanga
29%
Manabi San Vicente
29%
Azuay Sevilla de Oro
29%
Sucumbios Shushufindi
29%
Azuay Sigsig
29%
Los Rios Valencia
29%
Guayas Alfredo Baquerizo Moreno
28%
Napo Archidona
28%
Los Rios Buena Fe
28%
Chimborazo Chunchi
28%
Chimborazo Cumanda
28%
Azuay Gualaceo
28%
Pichincha Mejia
28%
Azuay Paute
28%
Tungurahua Quero
28%
Manabi Rocafuerte
28%
Pastaza Santa Clara
28%
Morona Santiago Sucua
28%
Manabi Tosagua
28%
Guayas Nobol
27%
Pichincha San Miguel de Los Bancos
27%
El Oro Chilla
26%
Azuay Chordeleg
26%
Cañar El Tambo
26%
Azuay Giron
26%
Manabi Pajan
26%
Chimborazo Penipe
26%
Guayas Salitre
26%
Azuay San Fernando
26%
Orellana Aguarico
25%
Pastaza Arajuno
25%
Azuay Camilo Ponce Enriquez
25%
Tungurahua Cevallos
25%
Bolivar Chillanes
25%
Guayas Colimes
25%
Sucumbios Cuyabeno
25%
Manabi Flavio Alfaro
25%
Tungurahua Mocha
25%
Tungurahua Patate
25%
El Oro Piñas
25%
Cotopaxi Saquisili
25%
Loja Saraguro
25%
Cañar Suscal
25%
Morona Santiago Tiwintza
25%
Sucumbios Cascales
24%
Cañar Deleg
24%
Napo El Chaco
24%
Manabi Jaramijo
24%
Bolivar Las Naves
24%
Azuay Oña
24%
Morona Santiago Palora
24%
Cotopaxi Pangua
24%
Azuay Pucara
24%
Napo Quijos
24%
Loja Zapotillo
24%
Morona Santiago Gualaquiza
23%
Guayas Isidro Ayora
23%
Morona Santiago Taisha
23%
Zamora Chinchipe Yantzaza
23%
Bolivar Caluma
22%
Napo Carlos Julio Arosemena Tola
22%
Chimborazo Chambo
22%
Bolivar Echeandia
22%
Carchi Espejo
22%
Sucumbios Gonzalo Pizarro
22%
Guayas Lomas de Sargentillo
22%
Azuay Nabon
22%
Morona Santiago Pablo Sexto
22%
Guayas Pedro Carbo
22%
Pichincha Pedro Moncayo
22%
Pichincha Pedro Vicente Maldonado
22%
Los Rios Quinsaloma
22%
Tungurahua Tisaleo
22%
Guayas Balao
21%
Zamora Chinchipe El Pangui
21%
Guayas Empalme
21%
El Oro Las Lajas
21%
Zamora Chinchipe Nangaritza
21%
Zamora Chinchipe Palanda
21%
El Oro Portovelo
21%
Los Rios Puebloviejo
21%
El Oro El Guabo
20%
Manabi 24 de Mayo
19%
Zamora Chinchipe Centinela del Condor
19%
Carchi San Pedro de Huaca
19%
Imbabura Antonio Ante
18%
El Oro Balsas
18%
Morona Santiago Huamboya
18%
Orellana La Joya de los Sachas
18%
Los Rios Mocache
18%
Carchi Montufar
18%
Los Rios Palenque
18%
Zamora Chinchipe Paquisha
18%
Morona Santiago San Juan Bosco
18%
Tungurahua Santiago de Pillaro
18%
Azuay Guachapala
17%
Morona Santiago Limon Indanza
17%
Imbabura Pimampiro
17%
Guayas San Jacinto de Yaguachi
17%
Imbabura San Miguel de Urcuqui
17%
El Oro Marcabeli
16%
Tungurahua San Pedro de Pelileo
16%
non-delimited zones Las Golondrinas
15%
Zamora Chinchipe Yacuambi
15%
Loja Calvas
14%
non-delimited zones El Piedrero
14%
Loja Espindola
14%
Loja Gonzanama
14%
non-delimited zones Manga del Cura
14%
Loja Sozoranga
14%
Los Rios Urdaneta
14%
Loja Celica
13%
Loja Chaguarpamba
13%
Loja Paltas
13%
Loja Pindal
13%
Loja Puyango
12%
Loja Quilanga
12%
Pichincha Rumiðahui
12%
Morona Santiago Logroðo
11%
Guayas Crnel. Marcelino Maridueña
9%
Guayas Gnral. Antonio Elizalde
7%
No matching quizzes found
Score Distribution
Percent of People with Each Score
Percentile by Number Answered
Your Score History
You have not taken this quiz